Tribhuvan University Central Library

Learning difficulties in English grammar (Record no. 62844)

MARC details
000 -LEADER
fixed length control field 00430 a2200157 4500
008 - FIXED-LENGTH DATA ELEMENTS--GENERAL INFORMATION
fixed length control field 150909b xxu||||| |||| 00| 0 eng d
041 ## - LANGUAGE CODE
Language code of text/sound track or separate title Eng.
082 ## - DEWEY DECIMAL CLASSIFICATION NUMBER
Classification number CD5028
100 ## - MAIN ENTRY--PERSONAL NAME
Personal name Dhakal, Manoj
245 ## - TITLE STATEMENT
Title Learning difficulties in English grammar
260 ## - PUBLICATION, DISTRIBUTION, ETC. (IMPRINT)
Place of publication, distribution, etc Pokhara
Date of publication, distribution, etc 2010
502 ## - DISSERTATION NOTE
Dissertation note Dissertation
Degree type Education
Name of granting institution T. U., PNC
650 ## - SUBJECT ADDED ENTRY--TOPICAL TERM
Topical term or geographic name as entry element English language
-- English grammar
-- Sentences
653 ## - INDEX TERM--UNCONTROLLED
Uncontrolled term English
942 ## - ADDED ENTRY ELEMENTS (KOHA)
Source of classification or shelving scheme Dewey Decimal Classification
Koha item type Audio Visual Materials
Holdings
Withdrawn status Lost status Source of classification or shelving scheme Damaged status Not for loan Home library Current library Date acquired Total Checkouts Full call number Barcode Date last seen Price effective from Koha item type
    Dewey Decimal Classification     Tribhuvan University Central Library Tribhuvan University Central Library 08/31/2015   CD5028 A4425 08/31/2015 08/31/2015 Audio Visual Materials